|
|
|
|
| LEADER |
00000nas a2200000 a 4500 |
| 001 |
ssj0000394886 |
| 003 |
WaSeSS |
| 005 |
20200512172242.0 |
| 006 |
m d |
| 007 |
cr n |
| 008 |
101203c20049999ck fr p s 0 0spa c |
| 010 |
|
|
|a 2012240039
|
| 035 |
|
|
|a (WaSeSS)ssj0000394886
|
| 040 |
|
|
|a CNCGM
|b eng
|c CNCGM
|d CUD
|d OCLCQ
|d WEA
|d IXA
|d OCLCQ
|d CUS
|d OCLCF
|d OCLCO
|d OCLCQ
|d OCLCA
|d WaSeSS
|
| 041 |
0 |
|
|a spa
|a eng
|
| 042 |
|
|
|a pcc
|
| 043 |
|
|
|a s-ck---
|
| 210 |
1 |
0 |
|a Rev. cienc. stratég.
|
| 245 |
0 |
0 |
|a Revista Ciencias estratégicas
|h [electronic resource].
|
| 246 |
1 |
|
|a Ciencias estratégicas
|
| 260 |
|
|
|a Medellín :
|b Universidad Pontificia Bolivariana
|
| 310 |
|
|
|a Semiannual
|
| 362 |
1 |
|
|a Print began in 2004. cf ISSN Portal.
|
| 506 |
|
|
|a License restrictions may limit access.
|
| 546 |
|
|
|a In Spanish, some articles in English; abstracts in English and Spanish.
|
| 588 |
|
|
|a Description based on: Vol. 14, núm. 15 (enero-jun. 2006); title from PDF caption title (Redalyc's Web site, viewed Feb 21, 2012).
|
| 588 |
|
|
|a Latest issue consulted: Vol. 18, núm. 23 (jul.-dic. 2010) (viewed Feb 21, 2012).
|
| 648 |
|
7 |
|a Since 1970
|2 fast
|
| 650 |
|
0 |
|a Working class
|z Colombia
|v Periodicals.
|
| 650 |
|
0 |
|a Management
|z Colombia
|v Periodicals.
|
| 650 |
|
0 |
|a Business
|v Periodicals.
|
| 650 |
|
7 |
|a Business.
|2 fast
|0 (OCoLC)fst00842262
|
| 650 |
|
7 |
|a Economic history.
|2 fast
|0 (OCoLC)fst00901974
|
| 650 |
|
7 |
|a Management.
|2 fast
|0 (OCoLC)fst01007141
|
| 650 |
|
7 |
|a Working class.
|2 fast
|0 (OCoLC)fst01180418
|
| 651 |
|
0 |
|a Colombia
|x Economic conditions
|y 1970-
|v Periodicals.
|
| 651 |
|
7 |
|a Colombia.
|2 fast
|0 (OCoLC)fst01205916
|
| 655 |
|
0 |
|a Electronic journals.
|
| 710 |
2 |
|
|a Universidad Pontificia Bolivariana.
|
| 776 |
0 |
8 |
|i Print version:
|t Revista Ciencias estratégicas
|x 1794-8347
|w (OCoLC)589675400
|
| 856 |
4 |
0 |
|z Full text available from Research Library: 01/01/2010 to 07/31/2017
|u https://search.proquest.com/publication/286202
|